[Event "BRA-ch Amateurs U1700"]
[Site "Sao Paulo"]
[Date "2024.05.31"]
[Round "3"]
[White "Santana, Expedito"]
[Black "De Oliveira, Jessica Mota"]
[Result "0-1"]
[WhiteElo "1629"]
[BlackElo "1752"]
[PlyCount "40"]
[EventDate "2024.05.30"]
[EventType "swiss"]
[EventRounds "7"]
[EventCountry "BRA"]
[SourceTitle "CB23_2024"]
[SourceDate "2024.06.05"]
[SourceVersion "1"]
[SourceVersionDate "2024.06.05"]
[SourceQuality "1"]

1. e4 e5 2. Bc4 Bc5 3. d4 Bxd4 4. Be3 Bb6 5. Nf3 d6 6. Ng5 Be6 7. Nxe6 fxe6 8. Qg4 Qf6 9. 0-0 Nd7 10. Bg5 h5 11. Bxe6 hxg4 12. Bxd7+ Kxd7 13. Bxf6 Nxf6 14. Nd2 g3 15. h3 gxf2+ 16. Kh1 g5 17. Kh2 g4 18. Rad1 gxh3 19. gxh3 Rhg8 20. Nc4 Ng4+ 0-1